000 01524nam a22002297a 4500
001 119
003 FISKH
005 20230228092718.0
008 230228b cb ||||| |||| 00| 0 eng d
040 _cFISKH
050 _aPZ7.G8523
082 _a813.6
100 _aGreenwald, Tommy
245 _aCrime biters!
_bIt's a doggy dog world
_cTommy Greenwald
260 _aNew York
_bScholastic
_c2016
300 _a229 p.
_c20 cm.
505 _aK
520 _aJimmy is sure that his dog Abby is special. After all, it was Abby who (with the help of Jimmy & friends) helped nab the criminal Barnaby Bratford and shut down Barnaby's babysitting service, a front for robbing the nice folks of Quietville. Jimmy's parents, on the other hand, are starting to feel like Abby is one destructive little dog (she chewed up Mom's entire shoe collection ) and they insist on enrolling Abby in obedience training. The only problem is that the longer Abby's in class, the more normal (read: boring) she becomes. Jimmy's superhero crime-fighting vampire dog is slowly becoming just like every other dog. She doesn't even sneak out at night anymore At the same time Jimmy's friends (the Crimebiters) are realizing that there's just not very much crime to fight in their tiny town. But when Jimmy joins the lacrosse team & mysterious things start happening on and off the field, the Crimebiters realize that Abby better get back to her crime-fighting ways...and fast
521 8 _a600
_bLexile
521 8 _aK
_bRaz-Plus
942 _2ddc
_cBK
_n0
999 _c119
_d119